| 000 | 00808nmm a2200277 a 4500 | ||
|---|---|---|---|
| 003 | AR-X00000XY | ||
| 005 | 20251128211923.0 | ||
| 008 | 137020s2005 ||||||||||||||000 | spa|| | ||
| 040 | _cAR-X00000XY | ||
| 110 | 2 | _aPlan Nacional de Lectura [Argentina] | |
| 245 | 1 | 0 | _aSemana de lectura del Quijote |
| 260 |
_aSanta Fe _bMinisterio de Educación de la Provincia de Santa Fe _c2005 |
||
| 300 | 0 | _a28 p. | |
| 600 | 1 | 4 | _aCervantes Saavedra, Miguel de |
| 650 | 4 | _aPROMOCION DE LA LECTURA | |
| 650 | 4 | _aPROYECTOS | |
| 650 | 4 | _aACTIVIDADES DE LA CLASE | |
| 653 | 0 | _aENSENANZA DE LA LITERATURA | |
| 653 | 0 | _aESTRATEGIAS DIDACTICAS | |
| 700 | 1 | _aAvendaño, Fernando | |
| 700 | 1 | _aMiretti, Luis María | |
| 700 | 1 | _aSzot, Lidia Ana | |
| 700 | 1 | _aBerciano, Raquel | |
| 942 | _cBK | ||
| 998 | _cNancy | ||
| 999 |
_c21626 _d21626 |
||